Best Picture Winners: 2000s - Sudden Death - Statistics

General Stats
  • This quiz has been taken 5,134 times
  • The average score is 5 of 10
Answers on the Grid
Answers color-coded by a green-red scale on the quiz's grid according to % correct below.
300
A Beautiful Mind
A History of Violence
Avatar
Brokeback Mountain
Catwoman
Chicago
Crash
Freddy Got Fingered
Gigli
Gladiator
Inception
Kung Fu Hustle
LotR: Return of the King
Million Dollar Baby
Mulholland Drive
No Country for Old Men
Slumdog Millionaire
The Bourne Supremacy
The Dark Knight
The Departed
The Hurt Locker
Traffic
Zodiac
 
Answer Stats
Answer % Correct
A Beautiful Mind
69%
Slumdog Millionaire
55%
Gladiator
54%
No Country for Old Men
51%
LotR: Return of the King
49%
Million Dollar Baby
46%
The Hurt Locker
45%
Chicago
43%
Crash
42%
The Departed
42%
No matching quizzes found
Score Distribution
Percent of People with Each Score
Percentile by Number Answered
Your Score History
You have not taken this quiz